000 00251nam a2200109Ia 4500
008 190914s9999||||xx |||||||||||||| ||und||
100 _aRobert Heller
245 0 _aTom Peters
260 _aNew Delhi
_bPrentice Hall
_c2002
300 _a185
942 _cBK
999 _c8817
_d8817